The voice of God in the great crisis of your life. (Record no. 13073)

000 -LEADER
fixed length control field 00569nam a2200181 a 4500
001 - CONTROL NUMBER
control field :::00010891$&:&@@
003 - CONTROL NUMBER IDENTIFIER
control field OkBaRHE
005 - DATE AND TIME OF LATEST TRANSACTION
control field 20000607103403.0
008 - FIXED-LENGTH DATA ELEMENTS--GENERAL INFORMATION
fixed length control field j 000 0 eng u
040 ## - CATALOGING SOURCE
Transcribing agency
100 1# - MAIN ENTRY--PERSONAL NAME
Personal name Sumrall, Lester, 1913-
245 14 - TITLE STATEMENT
Title The voice of God in the great crisis of your life.
260 ## - PUBLICATION, DISTRIBUTION, ETC. (IMPRINT)
Place of publication, distribution, etc South Bend, IN., :
Name of publisher, distributor, etc World Harvest Press
Date of publication, distribution, etc nd
300 ## - PHYSICAL DESCRIPTION
Extent 25 p. ;
Dimensions 22 cm.
650 ## - SUBJECT ADDED ENTRY--TOPICAL TERM
Topical term or geographic name as entry element Christian Life
942 ## - ADDED ENTRY ELEMENTS (KOHA)
Source of classification or shelving scheme
Koha item type Books
Copies
Price effective from Not for loan Date acquired Source of classification or shelving scheme Lost status Withdrawn status Barcode Damaged status Koha item type Permanent Location Copy number Shelving location Date last seen Full call number
2010-04-14 2010-04-14   10891 BooksRHEMA Bible Training College1General Stacks2010-04-14BV 4501.2 .S818